Projektový výpočet trojčlennej súprúdovej odparky bakalárska práca

Saved in:
Bibliographic Details
Main Author: Balog, Miroslav
Format: Book
Language:English
Published: Bratislava STU FCHPT 2017
Online Access:View in OPAC
Tags: Add Tag
No Tags, Be the first to tag this record!

MARC

LEADER 00000nam a2200000 a 4500
005 20260127134123.0
008 171127 000 0 eng d
035 |a vtls011722617 
039 9 |y 201711271035  |z mschk03 
040 |a STUSCHK1  |b slo  |c STUSCHK1  |e AACR2 
100 1 |a Balog, Miroslav  |9 398 
245 1 |a Projektový výpočet trojčlennej súprúdovej odparky  |b bakalárska práca  |c Miroslav Balog 
260 |a Bratislava  |b STU FCHPT  |c 2017 
300 |a 55 s.  |b il.  |c 25 cm 
500 |a Študijný program: chemické inžinierstvo 
500 |a Študijný odbor: chemickéinžinierstvo 
500 |a Školiace pracovisko: Ústav chemického a biochemického inžinierstva 
500 |a Evid. číslo: FCHPT-5431-76773 
910 |a SCHK95 
999 |c 4524  |d 4524